Química orgánica / (Registro nro. 14243)

Detalles MARC
000 -LIDER
fixed length control field 00697nam a22002537a 4500
001 - NÚMERO DE CONTROL
Identificador de número de control
003 - IDENTIFICACDOR DE NÚMERO DE CONTROL
control field DO-SdBNP
005 - DATE AND TIME OF LATEST TRANSACTION
control field 20220824084304.0
007 - CAMPOS FIJOS DE DESCRIPCIÓN FÍSICA
fixed length control field 00000157781
008 - ELEMENTOS DE LONGITUD FIJA
fixed length control field 160518b 2004 ve a ||||| |||| 00| 0 spa d
020 ## - ISBN
International Standard Book Number 9801108053
040 ## - FUENTE DE CATALOGACIÓN
Agencia que crea de manera original el registro BPMSU
Idioma de catalogación spa
Agencia que realiza la transcripción BPMSU
082 04 - NÚMERO DE CLASIFICACIÓN DECIMAL DE DEWEY
Classification number 547
Item number M313q 2004
Edition number 22
100 1# - ASIENTO PRINCIPAL -- NOMBRE PERSONAL
Nombre personal Marcano, Deanna
245 10 - MENCIÓN DE TITULO
Título Química orgánica /
Mención de responsabilidad Deanna Marcano, Luís Cortés
Subtítulo
250 ## - MENCIÓN DE EDICION
Mención de edición 2a.ed.
260 ## - PUBLICACIÓN, DISTRIBUCIÓN, ETC. (PIE DE IMPRENTA)
Lugar de publicación, distribución, etc Mérida, Venezuela :
Nombre del editor, distribuidor, etc. Universidad de los Andes,
Fecha de publicación, distribución, etc 2004
300 ## - DESCRIPCIÓN FÍSICA
Extensión 1117 p. :
Dimensiones 23 cm.
Otros detalles físicos
590 ## - NOTA LOCAL
Enlace Inventariado, 2022/VM
650 #4 - ENCABEZAMIENTO DE MATERIA--TEMÁTICO
Término temático o nombre geográfico como elemento de entrada Química orgánica.
Subdivisión temática general
700 1# - ASIENTO SECUNDARIO -- NOMBRE PERSONAL
Nombre personal Pérez, Alfredo
910 ## - VALIDACIÓN
Validación VMateo V.
942 ## - ADDED ENTRY ELEMENTS (KOHA)
Source of classification or shelving scheme Dewey Decimal Classification
Koha item type Libros
Existencias
Withdrawn status Lost status Source of classification or shelving scheme Damaged status Not for loan Collection code Home library Current library Date acquired Total Checkouts Full call number Barcode Date last seen Copy number Price effective from Koha item type
    Dewey Decimal Classification     Colección General Biblioteca Pública Metropolitana Salomé Ureña Biblioteca Pública Metropolitana Salomé Ureña 08/24/2022   BPMSU CG 547 M313q 2004 BPMSU22080026 08/24/2022 v.2 08/24/2022 Libros
    Dewey Decimal Classification     Colección General Biblioteca Pública Metropolitana Salomé Ureña Biblioteca Pública Metropolitana Salomé Ureña 08/24/2022   BPMSU CG 547 M313q 2004 BPMSU22080027 08/24/2022 v.2, 2 08/24/2022 Libros